| 000 | 00793nam a22002297a 4500 | ||
|---|---|---|---|
| 001 | 64129 | ||
| 003 | UA-OsUOA | ||
| 005 | 20221219154703.0 | ||
| 007 | ta | ||
| 008 | 20091102b un ||||| |||| 00| 0 ukr d | ||
| 040 |
_aUA-OsUOA _brus _cUA-OsUOA _dUA-OsUOA |
||
| 041 | _arus | ||
| 080 | _a94(4)"653" | ||
| 090 |
_a94(4)"653" _bИ75 |
||
| 245 |
_aИордан о происхождении и деяниях гетов _cвступ. статья, перевод, коммент. Е. Ч. Скржинской |
||
| 260 |
_aМ. _c1960 _bИзд-во восточной литературы |
||
| 300 | _a90 с. | ||
| 650 | 7 |
_a9 Географія. Біографії. Історія _2UDC |
|
| 942 |
_cBK _2udc |
||
| 955 | _a2 | ||
| 999 |
_c350409 _d350409 |
||